| 000 | 00820nac a22001811u 4500 | ||
|---|---|---|---|
| 020 | _a0852985347 | ||
| 082 |
_a621.406 _bCOM |
||
| 090 |
_c9510 _d9510 |
||
| 100 | _a20080729 | ||
| 245 |
_aComputational methods in turbomachinery / _csponsored by the Power Industries and Engineering Sciences Divisions of the Institution of Mechanical Engineers, 10-12 April 1984, University of Birmingham. |
||
| 260 |
_aLondon : _bPublished for the Institution of Mechanical Engineers by Mechanical Engineering ,1984 _c1984 |
||
| 300 |
_a270p.: _bill.; _c29 cm. |
||
| 500 | _adistributer: Al-Ahram | ||
| 511 | _aCatalogued by: wessam | ||
| 650 |
_aTurbomachines _x Mathematics. |
||
| 710 | _aInstitution of Mechanical Engineers.Power Industries Division. | ||
| 942 |
_cBB _k621.406 COM |
||
| 999 |
_c9510 _d9510 |
||